000 00773nam a22002297a 4500
999 _c326796
_d326796
003 BLK
005 20241018101912.0
008 181127b bu ||||| |||| 00| 0 bu d
020 _a978-954-28-2737-5
040 _aBLK
041 _aBUL
_cBUL
080 _aБългарска литература
_b821.163.2
_z821.163.2-9
100 _aБербатов, Димитър Иванов
_eпърви автор
_91299
139 _aБербатов, Димитър Иванов
_bБ 38
245 _aПо моя начин
_cДимитър Бербатов
260 _9219755
_aСофия
_bСиела
_c2018
300 _a456 с.
_bсъс сн.
_c23 см
380 _aX
852 _bП
_cП 886.7-9/Б 38
942 _cKNG
_n0
_036
944 _k30575
_lМартин Енчев